Derecho civil : personas y familia /
Contenido: 1) Comienzo de la existencia de las personas; 2) Fin de la existencia de las personas; 3) Capacidad e incapacidad; 4) Atributos de las personas (físicas y morales); 5) Alimentos; 6) Cuestiones previas al matrimonio; 7) Matrimonio: requisitos, celebración e impedimentos; 8) Nulidad, invali...
保存先:
| 第一著者: | |
|---|---|
| その他の著者: | , , , , |
| フォーマット: | 図書 |
| 言語: | スペイン語 |
| 出版事項: |
México :
CIDE : Porrúa,
2007, c2007
|
| シリーズ: | (Casos y Problemas para la Enseñanza del Derecho ;
1) |
| 主題: | |
| タグ: |
タグなし, このレコードへの初めてのタグを付けませんか!
|
MARC
| LEADER | 00000nam^a2200000^a^4500 | ||
|---|---|---|---|
| 001 | 000275724 | ||
| 005 | 20250521000000.0 | ||
| 009 | 20260310111241.937 | ||
| 020 | |a 978-968-742045-5 | ||
| 020 | |a 978-970-077508-1 | ||
| 037 | |a Acervo ITESO - Biblioteca | ||
| 041 | |a ESP | ||
| 082 | |a 346. 7201 |b CAN | ||
| 100 | |a Canales Pérez, Adriana |e (autor) | ||
| 245 | 1 | 0 | |a Derecho civil : |b personas y familia / |c A. Canales Pérez, D. Galer ; colaboración de R. Rodríguez Mondragón, E. Aranda García ; presen. de A.L. Magaloni, A. Posadas Urtusuástegui. |
| 264 | 4 | |a México : |b CIDE : |b Porrúa, |c 2007, c2007 | |
| 300 | |a 348 p. | ||
| 336 | |a texto |b txt |2 rdacontenido | ||
| 337 | |a sin mediación |b n |2 rdamedio | ||
| 338 | |a volumen |b nc |2 rdasoporte | ||
| 440 | 1 | |a (Casos y Problemas para la Enseñanza del Derecho ; |v 1) | |
| 520 | |a Contenido: 1) Comienzo de la existencia de las personas; 2) Fin de la existencia de las personas; 3) Capacidad e incapacidad; 4) Atributos de las personas (físicas y morales); 5) Alimentos; 6) Cuestiones previas al matrimonio; 7) Matrimonio: requisitos, celebración e impedimentos; 8) Nulidad, invalidez, ilicitud e inexistencia del matrimonio; 9) Efectos del matrimonio en relación con los bienes; 10) Efectos personales del matrimonio; 11) Concubinato; 12) Disolución del matrimonio: divorcio; 13) Filiación; 14) Patria potestad; 15) Tutela. | ||
| 649 | |a XX | ||
| 650 | |a Derecho de las Personas - |z México | ||
| 650 | |a Derecho de Familia - |z México | ||
| 650 | |a Derecho Civil - |z México - |x Tema Principal | ||
| 650 | |a Derecho Privado - |z México | ||
| 700 | |a Galer, Diego |e (autor) | ||
| 700 | |a Rodríguez Mondragón, Reyes |e (colaboración) | ||
| 700 | |a Aranda García, Erick |e (colaboración) | ||
| 700 | |a Magaloni, Ana Laura |e (presentación) | ||
| 700 | |a Posadas Urtusuástegui, Alejandro |e (presentación) | ||
| 910 | |a Fondo General | ||
| 920 | |a Impresos - Libros | ||
| 930 | |a Colección General | ||
| 905 | |a 101 | ||
| 901 | |a 0500160736 |b IT1 |c ACC |u 20250521 | ||
| 902 | |a https://opac.biblio.iteso.mx/vufind/Record/000275724 | ||